Estatísticas para Países Equatoriais

Clique aqui para jogar o quiz

Estatísticas Gerais

  • Esse quiz foi jogado 2 605 vezes
  • A pontuação média é 8 de 11

Estatísticas das Respostas

País% Correto
Brasil
97%
Equador
96%
Colômbia
85%
República Democrática do Congo
79%
República do Congo
78%
Indonésia
76%
Quênia
63%
Gabão
56%
Somália
55%
Uganda
55%
São Tomé e Príncipe
30%

Distribuição das Pontuações

Percentil de Números Respondidos

Porcentagem de Pessoas com Cada Pontuação

Sua Pontuação Histórica

Você não jogou esse quiz